000 00561cam a2200193 a 4500
001 000009004
005 20200929161448.0
008 840501s1973 ve 000 1 spa c
040 _aDO-SdBNP
_cMH
_dDLC
082 _aV863.42
_bG233p, 1973
100 1 _aGarmendia, Salvador.
_93814
245 1 4 _aLos pies de barro /
_cSalvador Garmendia.
250 _a2a ed.
260 _aCaracas :
_bMonte Ávila,
_c1973.
300 _a309 p. ;
_c20 cm.
650 4 _aNovela venezolana
_93962
650 4 _aLiteratura venezolana
_93816
910 _aCatalogación por copia / LC
999 _c8768
_d8768